Statistiques concernant Alexandre et Alexander célèbres

Cliquez ici pour prendre le quiz!

Statistiques générales

  • Ce quiz a été pris 66 fois
  • Le résultat moyen est 8 sur 15

Statistiques - réponses

DescriptifRéponse% Correct
Auteur français des romans Les Trois Mousquetaires et Le Comte de Monte-Cristo. Son fils est par ailleurs l'auteur de La Dame aux Camélias.Dumas
95%
Roi de Macédoine célèbre pour ses nombreuses conquêtes. A par ailleurs fondé la ville d'Alexandrie dans l'actuelle Égypte en -331.le Grand
93%
Inventeur du téléphone.Graham Bell
89%
Créateur et interprète principal de la saga Kaamelott. Astier
84%
Médecin et biologiste britannique ayant découvert le premier antibiotique, la pénicilline.Fleming
79%
Joueur de tennis allemand champion olympique en 2021. Deuxième du classement ATP en 2022.Zverev
61%
Président de la République de Biélorussie depuis 1994.Loukachenko
48%
Président de la République française de 1920 à 1924.Millerand
43%
Cycliste kazakhstanais ayant remporté 2 Liège-Bastogne-Liège, 2 Paris-Nice, un Tour d'Espagne ou encore l'épreuve olympique de 2012.Vinokourov
39%
Écrivain, prix Nobel de Littérature en 1970, figure de la dissidence soviétique, participant activement à la dénonciation des camps de travail pénitentiaires et de la répression politique russe notamment via l'ouvrage L'Archipel du Goulag.Soljenitsyne
34%
Écrivain français auteur de Le Zèbre et Fanfan.Jardin
33%
Écrivain russe auteur d'Eugène Onéguine et Boris Godounov. A donné son nom à un célèbre café fictif moscovite.Pouchkine
33%
Chef d'entreprise français, a présidé Europe 1 de 2008 à 2010, la Fnac de 2011 à 2017, puis le groupe Carrefour ensuite.Bompard
16%
Premier ministre belge entrant en fonction en octobre 2020.De Croo
7%
Joueur d'échecs russe naturalisé français, champion du monde de 1927 à 1935 puis de 1937 à 1946, année de son décès.Alekhine
3%

Distribution des résultats

Percentile par nombre de réponses

% des personnes avec chaque résultat

Votre développement - résultats

Vous n’avez pas pris ce quiz